Atlas de fluoresceingrafía del fondo ocular / (Record no. 143951)

MARC details
000 -LEADER
campo de control de longitud fija 00722nam a2200217 4500
001 - NÚMERO DE CONTROL
campo de control 143951
003 - IDENTIFICADOR DE NÚMERO DE CONTROL
campo de control ES-MaACL
005 - FECHA Y HORA DE LA ÚLTIMA TRANSACCIÓN
campo de control 20230906200919.0
007 - CAMPO FIJO DE DESCRIPCIÓN FÍSICA--INFORMACIÓN GENERAL
campo de control de longitud fija t|
008 - DATOS DE LONGITUD FIJA--INFORMACIÓN GENERAL
campo de control de longitud fija 070214s1969 sp r ||||1| spa d
017 ## - NÚMERO DE COPYRIGHT O DE DEPÓSITO LEGAL
Número de copyright o de depósito legal B 4443-1969
080 ## - NÚMERO DE LA CLASIFICACIÓN DECIMAL UNIVERSAL
Número de la Clasificación Decimal Universal 617.735-073.75(084)
100 1# - ENTRADA PRINCIPAL--NOMBRE DE PERSONA
Nombre de persona Shikano, Shinichi.
9 (RLIN) 106122
245 10 - MENCIÓN DEL TÍTULO
Título Atlas de fluoresceingrafía del fondo ocular /
Mención de responsabilidad, etc. Shinichi Shikano, Koichi Shimiau ; versión española revisada por F. Palomar-Petit.
260 ## - PUBLICACIÓN, DISTRIBUCIÓN, ETC.
Lugar de publicación, distribución, etc. Barcelona :
Nombre del editor, distribuidor, etc. Salvat,
Fecha de publicación, distribución, etc. 1969.
300 ## - DESCRIPCIÓN FÍSICA
Extensión 201 p., 21 lám. :
Otras características físicas il. ;
Dimensiones 30 cm.
650 00 - PUNTO DE ACCESO ADICIONAL DE MATERIA--TÉRMINO DE MATERIA
Término de materia o nombre geográfico como elemento de entrada Oftalmología-
Subdivisión de forma Atlas.
9 (RLIN) 15694
700 1# - ENTRADA AGREGADA--NOMBRE PERSONAL
Nombre de persona Shimiau, Koichi.
9 (RLIN) 106126
700 1# - ENTRADA AGREGADA--NOMBRE PERSONAL
Nombre de persona Palomar-Petit, F.
9 (RLIN) 88670
852 ## - LOCALIZACIÓN
Ubicación ES-MaACL
Número de control de estantería C-56935
Sublocalización o colección R.69813
Holdings
Estatus retirado Estado de pérdida Estado de daño No para préstamo Biblioteca de origen Biblioteca actual Ubicación en estantería Fecha de adquisición Fuente de adquisición Total de préstamos Signatura topográfica completa Código de barras Visto por última vez Precio de reemplazo Tipo de ítem Koha
        Biblioteca del Ateneo de Madrid Biblioteca del Ateneo de Madrid Depósito 2 17/01/2008     C-56935 1149770 23/02/2023 23/02/2023 Libro impreso